000 00200 a2200097 4500
001 9133
100 _aBartlett, J.
245 _aFamiliar Quotations
260 _a
_bRoutledge
_c
090 _c7310
_d7310
942 _aNUST-CAE
_cM
_c33946
999 _c244206
_d244206